Cómo funciona la Web

Saved in:
Bibliografiske detaljer
Corporate Authors: Centro de Investigación de la Web (Author), Universidad de Chile (Author)
Format: Bog
Sprog:spansk
Udgivet: Santiago Universidad de Chile 2008
Udgivelse:1a. ed
Fag:
Tags: Tilføj Tag
Ingen Tags, Vær først til at tagge denne postø!

MARC

LEADER 00000nam a2200000 a 4500
001 UCI9597
003 CL-VaPUC
008 081128e20080000CL |||||||||||||||||spa|d
020 |a 9789563192251 
082 0 4 |a 004.678  |b CEN  |2 21 
110 2 |a Centro de Investigación de la Web  |e author  |9 533443 
710 2 |a Universidad de Chile  |e author  |9 533444 
245 1 0 |a Cómo funciona la Web 
250 |a 1a. ed 
300 |a 142 p 
942 |c BK 
945 |d 20081128 00:00:00  |a rbrito 
260 |a Santiago  |b Universidad de Chile  |c 2008 
650 0 |a Internet   |9 254823 
650 0 |a Páginas web  |9 386845 
650 7 |a COMUNICACIONES  |2 CL-VaPUC  |9 260778 
650 0 |a Sitios web  |9 460836 
583 |a last modification  |c 20081128 00:00:00  |k Rodrigo Vera 
999 |c 332110  |d 332108 
952 |0 0  |1 0  |4 0  |6 004_678000000000000_CEN_2008  |7 0  |8 A  |9 419492  |a BIBEDU  |b BIBEDU  |d 2019-11-22  |i 4502213  |o 004.678 CEN 2008  |p 4502213  |r 2019-11-22  |w 2019-11-22  |y BK  |k EPE